Tiếng Anh trong kỹ thuật tài nguyên nước = English in water resourse engineering /

Kaydedildi:
Detaylı Bibliyografya
Yazar: Bùi Công Quang
Diğer Yazarlar: Trần Mạnh Tuân
Materyal Türü: Sách giấy
Dil:Vietnamese
Baskı/Yayın Bilgisi: Hà Nội : Xây dựng , 2001
Etiketler: Etiketle
Etiket eklenmemiş, İlk siz ekleyin!
Thư viện lưu trữ: Thư viện Trường Đại học Đà Lạt
LEADER 00670nam a2200253 4500
001 DLU020019496
005 ##1/11/2002
020 # # |a 978- 
041 # # |a vie 
082 # # |a 428  |b BU-Q 
100 # # |a Bùi Công Quang 
245 # # |a Tiếng Anh trong kỹ thuật tài nguyên nước =  |b English in water resourse engineering /  |c Bùi Công Quang, Trần Mạnh Tuân 
260 # # |a Hà Nội :  |b Xây dựng ,  |c 2001 
300 # # |a 260 tr.;   |c 24 cm. 
700 # # |a Trần Mạnh Tuân 
992 # # |a 35000 
994 # # |a DLU 
900 # # |a False 
911 # # |a Administrator 
925 # # |a G 
926 # # |a A 
927 # # |a SH 
980 # # |a Thư viện Trường Đại học Đà Lạt